00395nam a22001457a 4500003001200000005001700012008004100029020001500070040001200085082001900097100002000116245007100136260001100207650003100218NUST - PNEC20170116180921.0150904b xxu||||| |||| 00| 0 eng d a0879422084 cLIBRARY a621.306073 FRE aFreitag, Harlow aElectrical engineering : the second century beginscHarlow Freitag cc.1986 aElectrical EngineeringxEE